美国各州首府及最大城市Capitals & Biggest Cities of Each State in USA - Statistics

General Stats
  • This quiz has been taken 17 times
  • The average score is 53 of 100
Answer Stats
首府 % Correct
安克雷奇/Anchorage
94%
CA加利福尼亚 萨克拉门托/Sacramento
94%
HI夏威夷 火奴鲁鲁(檀香山)/Honolulu
88%
火奴鲁鲁(檀香山)/Honolulu
88%
IN印第安纳 印第安纳波利斯/Indianapolis
88%
洛杉矶/Los Angeles
88%
CO科罗拉多 丹佛/Denver
82%
AK阿拉斯加 朱诺/Juneau
82%
纽约城/New York City
82%
OK俄克拉荷马 俄克拉荷马城/Oklahoma City
82%
AZ亚利桑那 菲尼克斯/Phoenix
82%
菲尼克斯/Phoenix
82%
GA佐治亚 亚特兰大/Atlanta
76%
波士顿/Boston
76%
芝加哥/Chicago
76%
丹佛/Denver
76%
休斯顿/Houston
76%
印第安纳波利斯/Indianapolis
76%
AR阿肯色 小石城/Little Rock
76%
俄克拉荷马城/Oklahoma City
76%
费城/Philadelphia
76%
UT犹他 盐湖城/Salt Lake City
76%
西雅图/Seattle
76%
亚特兰大/Atlanta
71%
TX得克萨斯 奥斯汀/Austin
71%
MA马萨诸塞 波士顿/Boston
71%
WY怀俄明 夏延/Cheyenne
71%
盐湖城/Salt Lake City
71%
NY纽约 奥尔巴尼/Albany
65%
阿尔伯克基/Albuquerque
65%
夏延/Cheyenne
65%
OH俄亥俄 哥伦布/Columbus
65%
底特律/Detroit
65%
杰克逊维尔/Jacksonville
65%
小石城/Little Rock
65%
明尼阿波利斯/Minneapolis
65%
TN田纳西 纳什维尔/Nashville
65%
新奥尔良/New Orleans
65%
MN明尼苏达 圣保罗/Saint Paul
65%
巴尔的摩/Baltimore
59%
夏洛特/Charlotte
59%
拉斯维加斯/Las Vegas
59%
纳什维尔/Nashville
59%
波特兰/Portland
59%
RI罗德岛 普罗维登斯/Providence
59%
NC北卡罗来纳 罗利/Raleigh
59%
FL佛罗里达 塔拉哈西/Tallahassee
59%
LA路易斯安那 巴吞鲁日/Baton Rouge
53%
NV内华达 卡森城/Carson City
53%
哥伦布/Columbus
53%
IA艾奥瓦 得梅因/Des Moines
53%
PA宾夕法尼亚 哈里斯堡/Harrisburg
53%
普罗维登斯/Providence
53%
NM新墨西哥 圣菲/Santa Fe
53%
IL伊利诺伊 斯普林菲尔德/Springfield
53%
ND北达科他 俾斯麦/Bismark
47%
DE特拉华 多佛/Dover
47%
堪萨斯城/Kansas City
47%
NE内布拉斯加 林肯/Lincoln
47%
VA弗吉尼亚 里士满/Richmond
47%
ME缅因 奥古斯塔/Augusta
41%
ID爱达荷 博伊西/Boise
41%
WV西弗吉尼亚 查尔斯顿/Charleston
41%
查尔斯顿/Charleston
41%
得梅因/Des Moines
41%
MT蒙大拿 海伦娜/Helena
41%
MS密西西比 杰克逊/Jackson
41%
MI密歇根 兰辛/Lansing
41%
WI威斯康星 麦迪逊/Madison
41%
密尔沃基/Milwaukee
41%
AL亚拉巴马 蒙哥马利/Montgomery
41%
VT佛蒙特 蒙彼利埃/Montpelier
41%
WA华盛顿 奥林匹亚/Olympia
41%
波特兰/Portland
41%
KS堪萨斯 托皮卡/Topeka
41%
博伊西/Boise
35%
查尔斯顿/Charleston
35%
KY肯塔基 法兰克福/Frankfort
35%
路易斯维尔/Louisville
35%
纽瓦克/Newark
35%
奥马哈/Omaha
35%
OR俄勒冈 塞勒姆/Salem
35%
NJ新泽西 特伦顿/Trenton
35%
弗吉尼亚比奇/Virginia Beach
35%
MD马里兰 安纳波利斯/Annapolis
29%
NH新罕布什尔 康科德/Concord
29%
CT康涅狄格 哈特福德/Hartford
29%
杰克逊/Jackson
29%
MO密苏里 杰斐逊城/Jefferson City
29%
蒙彼利埃/Montpelier
29%
威奇托/Wichita
29%
SC南卡罗来纳 哥伦比亚/Columbia
24%
布里奇波特/Bridgeport
18%
法戈/Fargo
18%
曼彻斯特/Manchester
18%
SD南达科他 皮尔/Pierre
18%
苏福尔斯/Sioux Falls
18%
比灵斯/Billings
12%
威尔明顿/Wilmington
12%
亨茨维尔/Huntsville
0%
No matching quizzes found
Score Distribution
Percent of People with Each Score
Percentile by Number Answered
Your Score History
You have not taken this quiz